00353pab a2200109 454500008004000000100002000040245009000060260000900150300000900159650002600168773004900194180718b1983 xxu||||| |||| 00| 0 eng d aHjortdal, Helge aAccess to parliamentary records and documentbPreliminary note for the topical debate c1983 a48-9 aLegislators - Records aConstitutional and Parliamentary Information